000
00333nam a2200133Ia 4500
005
20251222144730.0
008
251222s9999||||xx |||||||||||||| ||spa||
082
_a
759.06/J92
100
_a
Jurado Núñez, Francisco Jesús
245
0
_a
Modigliani en el Corazón de París
250
_a
1ra.ed.
264
_b
CajaSur
942
_c
LIB
999
_c
18564
_d
18564